| 000 | 00988nam a2200277 a 4500 | ||
|---|---|---|---|
| 001 | 59807 | ||
| 003 | BD-RjUL | ||
| 005 | 20211209080754.0 | ||
| 008 | 161227s19581947dcua 000 0 eng d | ||
| 035 | _a(BD-RjUL) | ||
| 040 |
_aAAU _cAAU _dYSM _dZCU _dBD-RjUL _beng |
||
| 041 | 1 | _aeng | |
| 082 |
_223 _a355.02 _bJOJ 1958 |
||
| 100 | 1 |
_aJomini, Antoine Henri. _d1779-1869. _9177985 |
|
| 245 | 0 | 0 |
_aJomini and his Summary of the art of war / _ca condensed version edited, and with an introduction, by Lt. Col. J.D. Hittle ... Harrisburg, [Pa.] |
| 260 |
_aHarrisburg : _bMilitary Service, _cc1947 [printed 1958]. |
||
| 300 |
_a[6], 161 p. : _bill. ; _c20 cm. |
||
| 490 | 1 | _aMilitary classics. | |
| 500 | _aCover-title: Jomini's Art of war. | ||
| 650 | 0 |
_aMilitary art and science. _9177743 |
|
| 700 | 1 |
_aHittle, J. D. _q(James Donald), _d1915-, _eeditor. _9177986 |
|
| 740 | 0 | 1 | _aSummary of the art of war. |
| 740 | 0 | 1 | _aArt of war. |
| 830 | 0 |
_aMilitary classics. _9177987 |
|
| 942 |
_2ddc _cBK |
||
| 999 |
_c59807 _d59807 |
||